00376nam a2200133 a 450000500170000000800410001702000180005805000230007610000170009924500360011626000370015230000090018944000440019820140412111421.0080122s19uu xx 00 eng d a81-7301-609-7 aTR(GS EbGo53 2006 aPrakash, Ved aGo Away. vol.10 /cVed Prakash. aIndia :bDreamland Publications. a24p. aCharacter-Building stories for children